000 00494nam a2200181Ia 4500
999 _c2696
_d2696
020 _a81-7827-050-1
082 _a325.21 GIR-R
100 _aGiri, T.N;
245 0 _aRefugee problems in Asia and Africa: role of the UNHCR
260 _aNew Delhi
_bManak Publications
_c2003
300 _axxv, 302p.
650 _aCaste - Karnataka
650 _aLingayats - Karnataka
650 _aSocial mobility
650 _aLingayat cults - Karnataka
650 _aSociology - Karnataka
942 _cBK